|
|
|
|
| LEADER |
00957nam a2200253 a 4500 |
| 001 |
GR-Patra15684 |
| 008 |
030721s1998 gr g 000 0 eng d |
| 020 |
|
|
|a 0136788300
|
| 040 |
|
|
|a GrPaTEI
|b gre
|c GR-PaULI
|
| 040 |
|
|
|a GrPaTEI
|b gre
|c GR-PaULI
|
| 082 |
|
0 |
|a 621.31
|2 21
|
| 100 |
1 |
|
|a Sauer, Peter W.
|
| 245 |
1 |
0 |
|a Power system dynamics and stability /
|c Peter W. Sauer, M. A. Pai.
|
| 260 |
|
|
|a New Jersey :
|b Prentice Hall,
|c c1998
|
| 300 |
|
|
|a 357σ.
|
| 504 |
|
|
|a Bibliography: p. 341-351
|
| 650 |
|
0 |
|a Electric machinery, Synchronous
|x Mathematical models
|
| 650 |
|
0 |
|a Electric power system stability
|
| 650 |
|
0 |
|a Electric power systems
|x Control
|
| 700 |
1 |
|
|a Pai, M. A.
|
| 942 |
|
|
|2 ddc
|
| 952 |
|
|
|0 0
|1 0
|2 ddc
|4 0
|6 621_310000000000000_SAU
|7 0
|9 295000
|a LISK
|b LISK
|c BSC
|d 2021-01-17
|e 24
|f 0
|g 0.00
|l 0
|o 621.31 SAU
|p 92410014864
|r 2021-01-17 00:00:00
|t 1
|w 2021-01-17
|y BK15
|x 20030721 0 1
|x GrPaTEI
|
| 971 |
|
|
|a .b26631994
|b 15-04-20
|c 23-09-16
|
| 999 |
|
|
|c 172110
|d 172110
|